Countries Beginning With PARIS - Statistics

General Stats
  • This quiz has been taken 54 times
    15 since last reset
  • The average score is 32 of 59
Answer Stats
Answer % Correct
Afghanistan
91%
Spain
82%
India
73%
Republic of the {Congo}
73%
Algeria
64%
Armenia
64%
Australia
64%
Austria
64%
Azerbaijan
64%
Iceland
64%
Indonesia
64%
Ireland
64%
Palau
64%
Paraguay
64%
Saint Kitts and Nevis
64%
Saint Lucia
64%
Saint Vincent and the Grenadines
64%
Suriname
64%
Sweden
64%
Switzerland
64%
Albania
55%
Andorra
55%
Antigua and Barbuda
55%
Argentina
55%
Iran
55%
Iraq
55%
Israel
55%
Pakistan
55%
Panama
55%
Peru
55%
Philippines
55%
Poland
55%
Sao Tome and Principe
55%
Senegal
55%
Serbia
55%
Seychelles
55%
Slovakia
55%
Slovenia
55%
Solomon Islands
55%
Somalia
55%
Sudan
55%
Italy
45%
Papua New Guinea
45%
Romania
45%
Russia
45%
Rwanda
45%
Singapore
45%
South Africa
45%
South Sudan
45%
Sri Lanka
45%
Syria
45%
Angola
36%
Portugal
36%
Samoa
36%
San Marino
36%
Saudi Arabia
36%
Sierra Leone
36%
South Korea
36%
Ivory Coast
27%
No matching quizzes found
Score Distribution
Percent of People with Each Score
Percentile by Number Answered
Your Score History
You have not taken this quiz since the last reset